000 00654nam a22002057a 4500
005 20180803170349.0
008 170202b2013 ck |||||r|||| 00| 0 spa d
040 _aCO-BoIAVH
_cCO-BoIAVH
041 _aspa
044 _ack
082 _a333.91816
_bC82c
110 1 _aCorporación Autónoma Regional de Caldas (Corpocaldas)
245 1 _aCharca de Guarinocito:
_bcorazón verde del oriente de Caldas
260 _aManizales (Colombia):
_bCorporación Autónoma Regional de Caldas (Corpocaldas),
_c2013.
300 _a39 páginas
650 1 6 _aAves
650 1 6 _avegetación
650 1 6 _aPeces
942 _2ddc
_cLIBRO
999 _c19277
_d19277